000 00861cam a22003015i 4500
999 _c4443
_d4443
001 18746237
003 GZU
005 20210316095038.0
008 150817s2015 mau 000 0 eng
010 _a 2015949268
020 _a9780444627216
040 _aDLC
_beng
_erda
_cDLC
042 _apcc
050 _aP96.E25
_b.MED2016
100 1 _aAnderson, Simon P.
245 1 0 _aHandbook of media economics, vol 1A /
_cSimon Anderson, Joel Waldfogel, David Stromberg.
263 _a1511
264 1 _aBoston, MA :
_bElsevier,
_c2015.
300 _apages cm
336 _atext
_btxt
_2rdacontent
337 _aunmediated
_bn
_2rdamedia
338 _avolume
_bnc
_2rdacarrier
504 _aIncludes index
650 _2Media economics
906 _a0
_bibc
_corignew
_d2
_eepcn
_f20
_gy-gencatlg
942 _2lcc
_cBK
_h96.E25
_iMED
_kP